[Event "Mondiale Semilampo 2016"]
[Site "Doha QAT"]
[Date "2016.12.28"]
[Round "15.49"]
[White "Svane, Rasmus"]
[Black "Xu, Yi"]
[Result "1/2-1/2"]
[WhiteTitle "GM"]
[BlackTitle "IM"]
[WhiteElo "2555"]
[BlackElo "2430"]
[WhiteFideId "4657101"]
[BlackFideId "8605564"]
[EventDate "2016.12.26"]

1. d4 Nf6 2. c4 e6 3. g3 d5 4. Bg2 Be7 5. Nf3 O-O 6. O-O dxc4 7. Ne5 Nc6 8. Bxc6
bxc6 9. Nxc6 Qe8 10. Nxe7+ Qxe7 11. Qc2 e5 12. Rd1 Bb7 13. Nc3 Qe6 14. dxe5 Qh3
15. e4 Ng4 16. f4 Rad8 17. Nd5 c6 18. Ne7+ Kh8 19. Re1 f6 20. Qg2 Qxg2+ 21. Kxg2
fxe5 22. h3 Nf6 23. Kg1 c5 24. Nd5 Bxd5 25. exd5 exf4 26. Bxf4 Nxd5 27. Bg5 Rde8
28. Rxe8 Rxe8 29. Rd1 Nb4 30. Rd7 h6 31. Bd2 Nxa2 32. Kf2 Rb8 33. Bf4 Rxb2+ 34.
Kf3 Rb3+ 35. Kg4 c3 36. Rxa7 Nb4 37. Be5 c2 38. Bxg7+ Kh7 39. Kh5 Nc6 40. Rc7
Rxg3 41. Bb2+ Kg8 42. Rxc6 Rxh3+ 43. Kg6 Rg3+ 44. Kf6 Rf3+ 45. Ke6 Re3+ 46. Kf6
Rf3+ 47. Ke6 Re3+ 48. Kd5 Rd3+ 49. Ke4 Rd4+ 50. Ke3 Rc4 51. Bc1 Kg7 52. Kd3 Rd4+
53. Kxc2 Rc4+ 54. Kd2 h5 55. Bb2+ Kh7 56. Kd3 Rb4 57. Bc3 Rf4 58. Rxc5 Kg6 59.
Ke3 Rf5 60. Rc8 Rg5 61. Kf4 Rg4+ 62. Kf3 Ra4 63. Rc6+ Kf5 64. Rc5+ Kg6 65. Bd2
Rg4 66. Be3 Rh4 67. Rg5+ Kf6 68. Bf4 Rh1 69. Rc5 Kg6 70. Kg2 Rh4 71. Kg3 Rh1 72.
Rb5 Rg1+ 73. Kf2 Rh1 74. Kg2 Rh4 75. Kf3 Rh1 76. Ke4 Re1+ 77. Be3 Rh1 78. Rb6+
Kf7 79. Kf5 Ke7 80. Bf4 Kd7 81. Rd6+ Kc8 82. Rd4 Kb7 83. Bg5 Kc6 84. Kg6 Kc5 85.
Ra4 Kb5 86. Rf4 Kc5 87. Bh4 Kd5 88. Ra4 Rg1+ 89. Kxh5 Ke5 90. Ra5+ Ke4 91. Bg5
Kd3 92. Kg6 Rf1 93. Ra4 Kc3 94. Bf4 Kb3 95. Re4 Rd1 96. Kf5 Rd5+ 97. Be5 Kc2 98.
Ra4 Kd3 99. Ra3+ Ke2 100. Ke4 Rd2 101. Rh3 Rc2 102. Bd4 Rd2 103. Bc3 Rc2 104.
Kd4 Kd1 105. Re3 Re2 106. Rd3+ Kc2 107. Kc4 Re4+ 108. Bd4 Re2 109. Ra3 Rd2 110.
Be3 Re2 111. Rc3+ Kb2 112. Kb4 Rc2 113. Rb3+ Ka2 114. Ra3+ Kb1 115. Bd4 Re2 116.
Kc4 Kc2 117. Rb3 Rd2 118. Be3 Re2 119. Rc3+ Kb2 120. Kb4 Rc2 121. Rb3+ Ka2 122.
Ra3+ Kb1 123. Rd3 Re2 124. Kc3 Rc2+ 125. Kd4 Kb2 126. Bd2 Kb1 127. Bb4 Re2 128.
Ra3 Kb2 129. Rf3 Kc2 130. Bc3 Rg2 131. Rf4 Re2 132. Rf1 Rg2 133. Kc4 Re2 134.
Ra1 Re4+ 135. Bd4 Re2 136. Rf1 Rd2 137. Be3 Re2 138. Kd4 Rg2 139. Ra1 Rg4+ 1/2-1/2

[Event "Mondiale Semilampo 2016"]
[Site "Doha QAT"]
[Date "2016.12.28"]
[Round "15.50"]
[White "Belyakov, Bogdan"]
[Black "Potapov, Pavel"]
[Result "1/2-1/2"]
[WhiteTitle "IM"]
[BlackTitle "GM"]
[WhiteElo "2487"]
[BlackElo "2493"]
[WhiteFideId "24104795"]
[BlackFideId "4169786"]
[EventDate "2016.12.26"]

1. e4 e5 2. Nf3 Nc6 3. Bc4 Bc5 4. c3 Nf6 5. d4 exd4 6. cxd4 Bb4+ 7. Bd2 Bxd2+ 8.
Nbxd2 d5 9. exd5 Nxd5 10. Qb3 Na5 1/2-1/2

[Event "Mondiale Semilampo 2016"]
[Site "Doha QAT"]
[Date "2016.12.28"]
[Round "15.51"]
[White "Bosiocic, Marin"]
[Black "Hirneise, Tobias"]
[Result "1-0"]
[WhiteTitle "GM"]
[BlackTitle "IM"]
[WhiteElo "2591"]
[BlackElo "2466"]
[WhiteFideId "14507927"]
[BlackFideId "24600881"]
[EventDate "2016.12.26"]

1. c4 c5 2. Nf3 Nc6 3. Nc3 Nf6 4. g3 d5 5. cxd5 Nxd5 6. Bg2 g6 7. Qa4 Nb6 8. Qh4
Bg7 9. d3 h6 10. O-O Nd4 11. g4 Nxf3+ 12. Bxf3 Nd7 13. h3 Ne5 14. Be4 h5 15. g5
Nc6 16. f4 Nd4 17. e3 Nf5 18. Bxf5 Bxf5 19. e4 Qd4+ 20. Kg2 Bd7 21. Rf3 Bc6 22.
Qf2 Qxf2+ 23. Kxf2 O-O-O 24. a4 b6 25. Ra3 Rd7 26. Ke2 Rhd8 27. f5 gxf5 28. Rxf5
e6 29. Rf3 Be5 30. Be3 c4 31. dxc4 Bxc3 32. Rxc3 Bxe4 33. Rf4 Bf5 34. Rh4 Bg6
35. c5 bxc5 36. Rxc5+ Kb8 37. Kf2 Rb7 38. b4 Rbd7 39. Rhc4 Bd3 40. Rc3 Be4 41.
b5 Rd3 42. Bf4+ Kb7 43. Rc7+ Kb6 44. Be3+ Ka5 45. Rxa7+ Kb4 46. Rxd3 Rxd3 47. b6
Rb3 48. Rxf7 Kc3 49. a5 h4 50. Rc7+ Kd3 51. Rd7+ Bd5 52. Rxd5+ exd5 53. a6 Ke4
54. Bd4 Kxd4 55. a7 Ke4 56. a8=Q 1-0

[Event "Mondiale Semilampo 2016"]
[Site "Doha QAT"]
[Date "2016.12.28"]
[Round "15.52"]
[White "Salinas Herrera, Pablo"]
[Black "Zhang, Zhong"]
[Result "1/2-1/2"]
[WhiteTitle "IM"]
[BlackTitle "GM"]
[WhiteElo "2466"]
[BlackElo "2645"]
[WhiteFideId "3407128"]
[BlackFideId "8600694"]
[EventDate "2016.12.26"]

1. e4 e5 2. Nf3 Nc6 3. Bb5 a6 4. Ba4 Nf6 5. O-O Be7 6. d3 d6 7. c3 O-O 8. Re1
Re8 9. Nbd2 Bf8 10. Nf1 b5 11. Bc2 g6 12. Bg5 h6 13. Bh4 Bg7 14. Ne3 Bd7 15. a4
Qc8 16. Bxf6 Bxf6 17. Nd5 Bd8 18. b4 Kg7 19. Bb3 Rb8 20. axb5 axb5 21. h3 Ne7
22. Ne3 Ng8 23. Nh2 h5 24. Rf1 Bg5 25. Kh1 Nf6 26. Qf3 Rf8 27. Ra5 Bf4 28. Rfa1
c6 29. Nef1 Bg5 30. Qe2 Bh6 31. Nf3 Bf4 32. Ng1 h4 33. Ra7 Nh5 34. Qf3 Bg5 35.
Ne3 Nf4 36. d4 Rb7 37. dxe5 dxe5 38. Qd1 Bf6 39. Rxb7 Qxb7 40. Qd2 Rd8 41. Qa2
Bc8 42. Nf3 Rd3 43. Bc2 Be6 44. Qa3 Rd8 45. Qa7 Qc8 46. Qa6 Bxh3 47. Qxc8 Bxc8
48. Ra7 Be6 49. Rc7 Rc8 50. Ra7 Ne2 51. Nd1 g5 52. Bd3 Nf4 53. Bf1 g4 54. Ne1
Rd8 55. Ne3 Rd2 56. Kg1 h3 57. gxh3 gxh3 58. Nf3 Rb2 59. Rc7 Ng6 60. Rxc6 Bh4
61. Nd1 Rb1 62. Rd6 Bg4 63. Be2 Nf4 64. Nxh4 Bxe2 65. Nf5+ Kh7 66. Ne3 Bf3 67.
Kh2 Bxe4 68. Ng4 Bd5 69. Nde3 Rh1+ 70. Kg3 Rg1+ 71. Kh2 Rh1+ 72. Kg3 Be6 73. f3
Rg1+ 74. Kh2 Re1 75. Rd2 f5 76. Nc2 Rb1 77. Nxe5 Rb2 78. Kg3 Nd5 79. Nd3 Ra2 80.
Rh2 f4+ 81. Nxf4 Nxf4 82. Kxf4 Kg6 83. Kg3 Bc4 84. Ne3 Rxh2 85. Kxh2 Be6 86. Ng4
Kg5 87. Kxh3 Kf4 88. Kg2 Bd5 89. Kf2 Bxf3 90. Ne3 Ke4 91. Nc2 Kd3 92. Nd4 Kxc3
93. Nxb5+ Kxb4 94. Kxf3 Kxb5 1/2-1/2

[Event "Mondiale Semilampo 2016"]
[Site "Doha QAT"]
[Date "2016.12.28"]
[Round "15.53"]
[White "Tissir, Mohamed"]
[Black "Kozul, Zdenko"]
[Result "0-1"]
[WhiteTitle "IM"]
[BlackTitle "GM"]
[WhiteElo "2376"]
[BlackElo "2613"]
[WhiteFideId "9000240"]
[BlackFideId "14502879"]
[EventDate "2016.12.26"]

1. e4 c5 2. Nc3 e6 3. Nf3 a6 4. d4 cxd4 5. Nxd4 d6 6. f4 b5 7. a3 Bb7 8. Bd3 Nd7
9. Nf3 Ngf6 10. O-O Be7 11. Qe1 O-O 12. Kh1 Rc8 13. Bd2 Nc5 14. b4 Nxd3 15. cxd3
Nd7 16. Rc1 Re8 17. Qg3 Bf8 18. Ne2 Rxc1 19. Rxc1 f5 20. exf5 exf5 21. Ned4 Qf6
22. Re1 Rxe1+ 23. Qxe1 Qf7 24. h3 h6 25. Kh2 Be7 26. Qc1 Bd8 27. Bc3 Qd5 28. Qe3
Kf7 29. Ne2 Nf8 30. Qa7 Ne6 31. Ned4 Nxd4 32. Bxd4 Qc6 33. Qb8 Qc7 34. Qxc7+
Bxc7 35. Kg3 Bd8 36. Kf2 g5 37. g3 Kg6 38. Be3 Kh5 39. Bd4 g4 40. hxg4+ fxg4 41.
Ne1 Bc8 42. Ke3 Kg6 43. Ng2 Bb7 44. Ne1 h5 45. Nc2 h4 46. gxh4 Bxh4 47. Ke2 Bf3+
48. Ke3 Bd1 49. Kd2 Bxc2 50. Kxc2 Kf5 0-1

[Event "Mondiale Semilampo 2016"]
[Site "Doha QAT"]
[Date "2016.12.28"]
[Round "15.54"]
[White "Atabayev, Maksat"]
[Black "Gholami, Aryan"]
[Result "1-0"]
[WhiteTitle "GM"]
[BlackTitle "IM"]
[WhiteElo "2492"]
[BlackElo "2422"]
[WhiteFideId "14001101"]
[BlackFideId "12513342"]
[EventDate "2016.12.26"]

1. e4 c5 2. Nf3 g6 3. d4 cxd4 4. Nxd4 Bg7 5. Nc3 Nc6 6. Be3 Nf6 7. Bc4 O-O 8.
Bb3 d6 9. f3 Nd7 10. Qd2 Nb6 11. O-O-O Na5 12. h4 Nbc4 13. Qe2 Nxb3+ 14. cxb3
Nxe3 15. Qxe3 Bd7 16. Kb1 a5 17. a4 Rc8 18. h5 Rc5 19. hxg6 fxg6 20. f4 e5 21.
fxe5 Rxe5 22. Nf3 Ree8 23. Rxd6 Qe7 24. Qd3 Bc6 25. Qc4+ Rf7 26. Rhd1 Bxc3 27.
Qxc3 Qxe4+ 28. Ka2 Qb4 29. Qd3 Be4 30. Qc4 Qxc4 31. bxc4 Bxf3 32. gxf3 Rxf3 33.
Rb6 Rf7 34. Rd5 Ra8 35. c5 Rg7 36. Rg5 Rc8 37. b4 axb4 38. Kb3 Rf7 39. Kxb4 Kg7
40. Kb5 Rd8 41. a5 Rd1 42. a6 Rb1+ 43. Kc4 Rc1+ 44. Kb5 Rb1+ 45. Kc4 Rf4+ 46.
Kd5 Rxb6 47. cxb6 bxa6 48. Kc5 Rf1 49. Rg4 Rf5+ 50. Kc6 Rb5 51. Ra4 Rb1 52. b7
Rc1+ 53. Kb6 Rb1+ 54. Ka7 g5 55. Rxa6 g4 56. Rb6 Ra1+ 57. Kb8 g3 58. Rb3 g2 59.
Rg3+ Kf6 60. Rxg2 Rb1 61. Kc7 Rc1+ 62. Kb8 Rb1 63. Rc2 h5 64. Rc5 h4 65. Kc7 h3
66. b8=Q Rxb8 67. Kxb8 h2 68. Rh5 1-0

[Event "Mondiale Semilampo 2016"]
[Site "Doha QAT"]
[Date "2016.12.28"]
[Round "15.55"]
[White "Christiansen, Johan-Sebastian"]
[Black "Atabayev, Yusup"]
[Result "0-1"]
[WhiteTitle "IM"]
[BlackTitle "IM"]
[WhiteElo "2429"]
[BlackElo "2473"]
[WhiteFideId "1512668"]
[BlackFideId "14001128"]
[EventDate "2016.12.26"]

1. Nf3 Nf6 2. c4 e6 3. g3 d5 4. Bg2 Be7 5. d4 O-O 6. Qc2 b6 7. O-O Bb7 8. cxd5
exd5 9. Nc3 Nbd7 10. Bf4 c5 11. Rfd1 Rc8 12. Rac1 a6 13. Ne5 c4 14. Qf5 Nb8 15.
Bg5 g6 16. Qf3 Ne4 17. Bh6 Ng5 18. Qe3 Re8 19. h4 Ne6 20. Qf3 f6 21. Qg4 Nf8 22.
Nf3 Nbd7 23. Qf4 Ne6 24. Qd2 b5 25. Nh2 Nb6 26. a3 b4 27. axb4 Bxb4 28. h5 Ng7
29. Bxg7 Kxg7 30. Ng4 g5 31. Ne3 Rc7 32. Nf5+ Kh8 33. Qc2 Bc8 34. e4 Bxf5 35.
exf5 Rce7 36. Bf3 Qd7 37. Kh2 a5 38. Bg4 Kg7 39. b3 Rc8 40. bxc4 Rxc4 41. Qb3
Re8 42. Ne2 Qa4 43. Qf3 Re4 44. Ng1 Qa3 45. Rxc4 Nxc4 46. Qxa3 Bxa3 47. Bf3 Re7
48. Bxd5 Nd6 49. Be6 Bb2 50. Rd2 Bc3 51. Rd3 Bb4 52. Nf3 Rc7 53. Kg2 Rc2 54. Re3
a4 55. Nh2 Bc3 56. Rd3 Ne4 57. Ng4 a3 58. h6+ Kf8 59. d5 a2 60. d6 a1=Q 61. d7
Ba5 62. d8=Q+ Bxd8 63. Rxd8+ Ke7 64. Rd7+ Ke8 65. Rxh7 Qc3 66. Rh8+ Ke7 67. Rh7+
Kd6 68. Rd7+ Kc6 69. Bd5+ Kxd7 70. Bxe4 Rb2 71. h7 Rb8 72. Bd5 Rh8 73. Bg8 Ke7
74. Ne3 Kf8 75. Nd5 Qe5 76. f4 Qb2+ 77. Kh3 Rxg8 78. hxg8=Q+ Kxg8 79. fxg5 fxg5
80. Ne3 Qe5 0-1

[Event "Mondiale Semilampo 2016"]
[Site "Doha QAT"]
[Date "2016.12.28"]
[Round "15.56"]
[White "Shytaj, Luca"]
[Black "Neelotpal, Das"]
[Result "0-1"]
[WhiteTitle "IM"]
[BlackTitle "GM"]
[WhiteElo "2435"]
[BlackElo "2463"]
[WhiteFideId "812633"]
[BlackFideId "5003512"]
[EventDate "2016.12.26"]

1. e4 c5 2. Nf3 e6 3. b3 Nf6 4. e5 Nd5 5. c4 Nc7 6. Bb2 Nc6 7. g3 g6 8. Bg2 Bg7
9. O-O d6 10. d4 cxd4 11. Nxd4 Nxd4 12. Qxd4 Bxe5 13. Qd2 Bxb2 14. Qxb2 O-O 15.
Rd1 d5 16. cxd5 exd5 17. Nc3 Qf6 18. Rac1 Be6 19. Qa3 Rfd8 20. Qc5 Rd7 21. Qb4
b6 22. Qa4 Qd8 23. Ne2 Ne8 24. Nf4 Rd6 25. h4 Qd7 26. Qd4 Ng7 27. h5 gxh5 28.
Qe5 Rd8 29. Qg5 f6 30. Qh6 Bf7 31. Nd3 Qf5 32. Qd2 h4 33. gxh4 Ne6 34. Kh2 Qh5
35. Bh3 Qxh4 36. f4 Kh8 37. Rg1 Nd4 38. Qe3 Be6 39. Nf2 Bxh3 40. Nxh3 Re6 41.
Qxd4 Re2+ 42. Rg2 Rxg2+ 43. Kxg2 Rg8+ 44. Ng5 Rxg5+ 45. fxg5 Qxd4 0-1

[Event "Mondiale Semilampo 2016"]
[Site "Doha QAT"]
[Date "2016.12.28"]
[Round "15.57"]
[White "Gashimov, Sarkhan"]
[Black "Kayumov, Sergey"]
[Result "1-0"]
[BlackTitle "GM"]
[WhiteElo "2351"]
[BlackElo "2505"]
[WhiteFideId "13400657"]
[BlackFideId "14200880"]
[EventDate "2016.12.26"]

1. Nf3 Nf6 2. b3 d6 3. d4 Bg4 4. Nbd2 g6 5. Bb2 Bg7 6. g3 Qc8 7. h3 Bf5 8. g4
Bd7 9. e4 O-O 10. c4 c6 11. Bg2 a5 12. a3 Na6 13. Rc1 Nc7 14. e5 dxe5 15. Nxe5
Ne6 16. Qf3 Qc7 17. Qe3 c5 18. d5 Nd4 19. f4 h5 20. g5 Nh7 21. h4 Bf5 22. Bxd4
cxd4 23. Qxd4 f6 24. gxf6 exf6 25. Nef3 Rfe8+ 26. Kf2 g5 27. d6 Qf7 28. Rhe1 Nf8
29. Qc5 Bg4 30. Nd4 Kh8 31. Qd5 Qd7 32. c5 Rab8 33. Rxe8 Rxe8 34. f5 Rb8 35. Re1
Re8 36. Qxb7 Rxe1 37. Kxe1 Qe8+ 38. Qe7 Qb8 39. Bd5 gxh4 40. Kf2 Nh7 41. Ne4 a4
42. Ne6 Bh6 43. Nxf6 Bxf5 44. Nxh7 Bxe6 45. Qxe6 Kxh7 46. Be4+ Kg7 47. Qe7+ Kg8
48. Qh7+ 1-0

[Event "Mondiale Semilampo 2016"]
[Site "Doha QAT"]
[Date "2016.12.28"]
[Round "15.58"]
[White "Stratonowitsch, Andre"]
[Black "Saeed, Ishaq"]
[Result "0-1"]
[BlackTitle "FM"]
[WhiteElo "2138"]
[BlackElo "2312"]
[WhiteFideId "24613959"]
[BlackFideId "9301453"]
[EventDate "2016.12.26"]

1. e4 e5 2. Nf3 Nc6 3. Bb5 a6 4. Ba4 Nf6 5. O-O Nxe4 6. d4 b5 7. Bb3 d5 8. dxe5
Be6 9. c3 Be7 10. Nbd2 Nc5 11. Bc2 O-O 12. Re1 Bg4 13. Nb3 Ne6 14. Qd3 g6 15.
Nfd4 Ncxd4 16. Nxd4 Qd7 17. h3 Nxd4 18. cxd4 Bf5 19. Qc3 Be6 20. Bh6 Rfd8 21.
Rec1 c5 22. Qe3 Rac8 23. Bd3 Qa7 24. dxc5 Rxc5 25. Rxc5 Qxc5 26. Qf4 Rc8 27. Rc1
Qxc1+ 28. Qxc1 Rxc1+ 29. Bxc1 Bc5 30. Kf1 Kg7 31. Ke2 h6 32. a4 bxa4 33. Bxa6
Bd4 34. f4 Bf5 35. Bd3 Bd7 36. Ba6 Bf5 37. Bd3 Be4 38. g3 g5 39. Bb5 Bc2 40. Bd3
Bb3 41. Kf3 Bd1+ 42. Be2 Bc2 43. Bb5 Bd1+ 44. Be2 Bc2 45. Bb5 Kg6 46. Bc6 Bb3
47. Be8 Kg7 48. Bb5 h5 49. fxg5 Bxe5 50. Bd3 Bd1+ 51. Kf2 Bd4+ 52. Ke1 Bb3 53.
Ke2 Be5 54. Kf3 Bd1+ 55. Kf2 Kf8 56. g6 fxg6 57. Bxg6 Kg7 58. Bd3 Kf6 59. Bb5
Kf5 60. Bd3+ Ke6 61. Bb5 Kd6 62. g4 h4 63. Ke3 Bc2 64. Bd3 Bb3 65. g5 Ke6 66. g6
Kf6 67. Kf3 Bd1+ 68. Ke3 Bh5 69. Bb5 d4+ 70. Kf2 Bg3+ 71. Kf1 Bxg6 72. Bxa4 Ke5
73. Bd2 Bf5 74. Kg2 Be4+ 75. Kf1 d3 76. b4 Bf3 77. Bd7 Kd4 78. b5 Bc7 79. Kf2
Bd5 80. b6 Bg3+ 81. Kf1 Bb7 82. Bf5 Kc4 83. Bd7 Be5 84. Be6+ Kd4 85. Kf2 Bg3+
86. Kf1 Bd6 87. Kf2 Ke4 88. Ke1 Bc5 89. Bg5 Bxb6 90. Bxh4 Be3 91. Bf7 Kf4 92.
Bf2 d2+ 0-1

[Event "Mondiale Semilampo 2016"]
[Site "Doha QAT"]
[Date "2016.12.28"]
[Round "15.59"]
[White "khayat, Abdullah F"]
[Black "Quintiliano Pinto, Renato R."]
[Result "0-1"]
[BlackTitle "IM"]
[WhiteElo "1732"]
[BlackElo "2484"]
[WhiteFideId "21500460"]
[BlackFideId "2117568"]
[EventDate "2016.12.26"]

1. d4 d5 2. Nf3 Bf5 3. g3 e6 4. Bg2 Nf6 5. O-O h6 6. Nbd2 c5 7. c3 Nc6 8. Re1
Bh7 9. a4 cxd4 10. Nxd4 Bc5 11. N2b3 Bd6 12. e3 O-O 13. Bd2 Ne5 14. Nc1 a6 15.
f4 Nc4 16. b3 Nxd2 17. Qxd2 Rc8 18. Nd3 Ne4 19. Bxe4 Bxe4 20. Ne2 Qd7 21. Nf2
Bg6 22. b4 Rc4 23. Rec1 Rfc8 24. Nd1 R4c7 25. a5 f6 26. g4 Kh8 27. h3 Bf7 28.
Nb2 e5 29. f5 Qb5 30. Na4 Rd8 31. Nb6 Re7 32. Rc2 Bc7 33. c4 dxc4 34. Qe1 Bxb6
35. axb6 Qxb6 36. Qf2 Rd3 37. e4 Qxb4 38. Re1 Rf3 39. Qxf3 Qxe1+ 40. Kg2 Rd7 41.
Qa3 Rd2 42. Qf8+ Bg8 43. Rxd2 Qxd2 44. Kf2 a5 45. h4 c3 46. g5 hxg5 47. h5 g4
48. Qc5 c2 49. Qc8 g3+ 50. Kf3 Qd3+ 0-1